<?xml version="1.0" encoding="UTF-8"?><?xml-stylesheet type="text/xsl" href="static/style.xsl"?><OAI-PMH xmlns="http://www.openarchives.org/OAI/2.0/" xmlns:xsi="http://www.w3.org/2001/XMLSchema-instance" xsi:schemaLocation="http://www.openarchives.org/OAI/2.0/ http://www.openarchives.org/OAI/2.0/OAI-PMH.xsd"><responseDate>2026-04-17T02:46:51Z</responseDate><request verb="GetRecord" identifier="oai:www.recercat.cat:2445/184749" metadataPrefix="marc">https://recercat.cat/oai/request</request><GetRecord><record><header><identifier>oai:recercat.cat:2445/184749</identifier><datestamp>2025-12-05T04:20:37Z</datestamp><setSpec>com_2072_1057</setSpec><setSpec>col_2072_478809</setSpec><setSpec>col_2072_478917</setSpec></header><metadata><record xmlns="http://www.loc.gov/MARC21/slim" xmlns:dcterms="http://purl.org/dc/terms/" xmlns:xsi="http://www.w3.org/2001/XMLSchema-instance" xmlns:doc="http://www.lyncode.com/xoai" xsi:schemaLocation="http://www.loc.gov/MARC21/slim http://www.loc.gov/standards/marcxml/schema/MARC21slim.xsd">
   <leader>00925njm 22002777a 4500</leader>
   <datafield ind2=" " ind1=" " tag="042">
      <subfield code="a">dc</subfield>
   </datafield>
   <datafield ind2=" " ind1=" " tag="720">
      <subfield code="a">Lluch, Laia</subfield>
      <subfield code="e">author</subfield>
   </datafield>
   <datafield ind2=" " ind1=" " tag="720">
      <subfield code="a">Solé Català, Marina</subfield>
      <subfield code="e">author</subfield>
   </datafield>
   <datafield ind2=" " ind1=" " tag="260">
      <subfield code="c">2022-04-05T15:42:47Z</subfield>
   </datafield>
   <datafield ind2=" " ind1=" " tag="260">
      <subfield code="c">2022-04-05T15:42:47Z</subfield>
   </datafield>
   <datafield ind2=" " ind1=" " tag="260">
      <subfield code="c">2022-01</subfield>
   </datafield>
   <datafield ind2=" " ind1=" " tag="260">
      <subfield code="c">2022-04-05T15:42:47Z</subfield>
   </datafield>
   <datafield ind2=" " ind1=" " tag="520">
      <subfield code="a">[cat] Estimular i promoure l'aprenentatge autoregulat, el treball autònom i la competència d'aprendre a aprendre és un dels grans reptes de l'educació superior. El feedback entre iguals pot constituir una estratègia que contribueixi a l'autoregulació, però això requereix dissenys pedagògics que permetin als estudiants participar i comprendre com millorar els seus processos d'aprenentatge. En aquest sentit, es considera que l'ús d'estratègies com l'aprenentatge cooperatiu per part del mateix estudiant pot donar suport als processos d'aprenentatge a la llum d'aquests reptes. El propòsit de l'article és presentar dues activitats d'avaluació continuada que es van proposar als estudiants que van cursar l'assignatura Economia Política en un grup del grau de Gestió i Administració Pública (Facultat de Dret, Universitat de Barcelona) en el curs 2020-2021. Aquestes activitats van ser dissenyades en el marc del projecte I+D "Anàlisi dels efectes de la provisió de feedback suportat per les tecnologies digitals de monitorització sobre les competències transversals" (ref. PID2019-104285GB-I00). Es tractava de crear un entorn d'aprenentatge en què els estudiants haguessin de treballar cooperativament, d'una banda, i donar-se feedback els uns als altres per aconseguir millorar els resultats assolits, de l'altra. En l'article s'introdueix, en primer lloc, un resum d'algunes aportacions teòriques rellevants relacionades amb els beneficis del feedback en les dinàmiques d'aprenentatge. A continuació es dona informació detallada sobre el disseny de l'activitat i sobre les eines tecnològiques utilitzades i els materials de suport que es van elaborar per guiar l'alumnat que va participar en l'experiència. Finalment s'aporten algunes reflexions sobre el desenvolupament i els resultats de l'experiència segons les oportunitats i limitacions trobades durant la seva implementació.</subfield>
   </datafield>
   <datafield tag="653" ind2=" " ind1=" ">
      <subfield code="a">Aprenentatge cooperatiu</subfield>
   </datafield>
   <datafield tag="653" ind2=" " ind1=" ">
      <subfield code="a">Educació superior</subfield>
   </datafield>
   <datafield tag="653" ind2=" " ind1=" ">
      <subfield code="a">Administració pública</subfield>
   </datafield>
   <datafield tag="653" ind2=" " ind1=" ">
      <subfield code="a">Team learning approach in education</subfield>
   </datafield>
   <datafield tag="653" ind2=" " ind1=" ">
      <subfield code="a">Higher education</subfield>
   </datafield>
   <datafield tag="653" ind2=" " ind1=" ">
      <subfield code="a">Public administration</subfield>
   </datafield>
   <datafield ind2="0" ind1="0" tag="245">
      <subfield code="a">Aprendre a aprendre: una experiència amb la funcionalitat Wiki i l'eina taller del Moodle</subfield>
   </datafield>
</record></metadata></record></GetRecord></OAI-PMH>